LIBRARY & INFORMATION CENTRE, KCAET, TAVANUR

ONLINE PUBLIC ACCESS CATALOGUE (OPAC)

search of a character: two African journals / (Record no. 11384)

MARC details
000 -LEADER
fixed length control field 00371cam a2200145ua 4500
041 ## - LANGUAGE CODE
Language code of text/sound track or separate title eng
082 ## - DEWEY DECIMAL CLASSIFICATION NUMBER
Classification number 823.308
Item number GRE/SE
100 ## - MAIN ENTRY--AUTHOR NAME
Personal name Greene, Grahan .
245 ## - TITLE STATEMENT
Title search of a character: two African journals /
260 ## - PUBLICATION, DISTRIBUTION, ETC. (IMPRINT)
Place of publication London :
Name of publisher Boduly Head ,
Year of publication 1946.
300 ## - PHYSICAL DESCRIPTION
Number of Pages 125 ; .

No items available.

free website counter